| 000 | 02893cam a22004098i 4500 | ||
|---|---|---|---|
| 001 | 21628304 | ||
| 003 | NUST | ||
| 005 | 20240306094551.0 | ||
| 008 | 200727s2021 enk b 001 0 eng | ||
| 010 | _a 2020033954 | ||
| 020 |
_a9780754672319 _q(hardback) |
||
| 020 |
_z9781315575896 _q(ebook) |
||
| 038 | _aMalang Jan | ||
| 040 |
_aDLC _beng _erda _cDLC |
||
| 042 | _apcc | ||
| 050 | 0 | 0 |
_aNA2794 _b.E45 2021 |
| 082 | 0 | 0 |
_a729.28 _223 _bELK |
| 100 | 1 |
_aElkadi, Hisham, _eauthor. _9121879 |
|
| 245 | 1 | 0 |
_aDaylight, design and place-making / _cHisham Elkadi and Sura Al-Maiyah. |
| 263 | _a2101 | ||
| 264 | 1 |
_aAbingdon, Oxon ; _aNew York : _bRoutledge, _c2021. |
|
| 300 |
_a212p.: _bill; |
||
| 336 |
_atext _btxt _2rdacontent |
||
| 337 |
_aunmediated _bn _2rdamedia |
||
| 338 |
_avolume _bnc _2rdacarrier |
||
| 504 | _aIncludes bibliographical references and index. | ||
| 505 | 0 | _aHistory of light, shades and shadows -- Structures of light : daylight and place making -- Reading daylight -- Daylight and health -- Delight of heritage. | |
| 520 |
_a"Daylight, Design and Place-Making examines the role of daylight in creating and revealing the wonders of heritage and contemporary architecture. Shifting from a purely technical approach to daylighting, this book places importance on the creation of meaningful aesthetics through an understanding of context and culture. Cultural applications of light in architecture differ depending on various historical, technological, and social characteristics. Increasingly, there is a revival of interest in contemporary architecture using daylight as an essential contextual ingredient in the design process. By examining the architecture of daylight in different locales and setting these in their historical contexts, the book argues that appropriate use of daylight will ensure not only visual and thermal comfort in the urban setting and aid in energy efficiency, but also will contribute to the overall identity of new buildings, particularly in urban regeneration projects. This book brings together an analysis of technical aspects of daylight performance and environmental impact, with discussions on the psychology of daylighting and its influence in shaping perceptions of our built environment. It will be an ideal read for academics and researchers interested in architecture and cultural studies"-- _cProvided by publisher. |
||
| 650 | 0 |
_aDaylighting. _931996 |
|
| 650 | 0 |
_aArchitecture _xHuman factors. _931857 |
|
| 650 | 0 |
_aPlace (Philosophy) _934183 |
|
| 700 | 1 |
_aAl-Maiyah, Sura, _eauthor. _9121880 |
|
| 776 | 0 | 8 |
_iOnline version: _aElkadi, Hisham. _tDaylight, design and place-making _dLondon ; New York : Routledge/Taylor & Francis Group, 2021 _z9781315575896 _w(DLC) 2020033955 |
| 906 |
_a7 _bcbc _corignew _d1 _eecip _f20 _gy-gencatlg |
||
| 942 |
_2ddc _cBK |
||
| 999 |
_c608569 _d608569 |
||